ASM Shipping Ltd of India v TTMI Ltd of England (Record no. 77979)
[ view plain ]
| 000 -LEADER | |
|---|---|
| fixed length control field | 01718cab a2200217 4500 |
| 001 - CONTROL NUMBER | |
| control field | ##L135723 |
| 008 - FIXED-LENGTH DATA ELEMENTS--GENERAL INFORMATION | |
| fixed length control field | 061204n2006 000 0 eng u |
| 035 ## - SYSTEM CONTROL NUMBER | |
| System control number | (Sirsi) u135723 |
| 041 0# - LANGUAGE CODE | |
| Language code of text/sound track or separate title | eng |
| 245 00 - TITLE STATEMENT | |
| Title | ASM Shipping Ltd of India v TTMI Ltd of England |
| 260 ## - PUBLICATION, DISTRIBUTION, ETC. | |
| Date of publication, distribution, etc. | 2006 |
| 520 ## - SUMMARY, ETC. | |
| Summary, etc. | [2006] EWCA Civ 1341, 16 October 2006. Concerned an alleged serious irregularity pursued under the Arbitration Act 1996 s68(4). Applicant ship owner (S) applied for permission to appeal against the judge's refusal of permission to appeal under the Arbitration Act 1968 s68(4). S had alleged apparent bias by the third arbitrator (D) in the arbitration award granted in favour of the respondent charterer (T). The judge had decided there had been apparent bias, but S had waived its objection by failing to make a timely application to remove D under the 1996 Act s24 and by taking up the award. The judge therefore refused permission to appeal. S sought to use the European Convention on Human Rights Art 6 to persuade the CA to give leave to appeal. "Held": the judge's decision was not in breach of the Convention merely because it was wrong and therefore the CA had no jurisdiction to grant leave to appeal. |
| 590 ## - LOCAL NOTE (RLIN) | |
| Local note | KA |
| 650 24 - SUBJECT ADDED ENTRY--TOPICAL TERM | |
| Topical term or geographic name entry element | CONVENTION FOR THE PROTECTION OF HUMAN RIGHTS AND FUNDAMENTAL FREEDOMS ART 6 |
| 650 24 - SUBJECT ADDED ENTRY--TOPICAL TERM | |
| Topical term or geographic name entry element | ARBITRATION ACT 1996 S68(4) |
| 650 24 - SUBJECT ADDED ENTRY--TOPICAL TERM | |
| Topical term or geographic name entry element | ASM SHIPPING LTD OF INDIA V TTMI LTD OF ENGLAND |
| 651 #4 - SUBJECT ADDED ENTRY--GEOGRAPHIC NAME | |
| Geographic name | England and Wales |
| Chronological subdivision | 1543- |
| 690 ## - LOCAL SUBJECT ADDED ENTRY--TOPICAL TERM (OCLC, RLIN) | |
| Topical term or geographic name as entry element | MANAGEMENT-DISPUTE AVOIDANCE, MANAGEMENT AND RESOLUTION-DISPUTE MANAGEMENT AND RESOLUTION-ARBITRATION |
| 856 40 - ELECTRONIC LOCATION AND ACCESS | |
| Uniform Resource Identifier | <a href="https://www.bailii.org/ew/cases/EWCA/Civ/2006/1341.html">https://www.bailii.org/ew/cases/EWCA/Civ/2006/1341.html</a> |
| Public note | View the judgment free of charge at www.bailli.org... |
| 942 ## - ADDED ENTRY ELEMENTS (KOHA) | |
| Suppress in OPAC | 0 |
| Withdrawn status | Lost status | Source of classification or shelving scheme | Damaged status | Not for loan | Home library | Current library | Shelving location | Date acquired | Total Checkouts | Full call number | Barcode | Date last seen | Copy number | Price effective from | Koha item type |
|---|---|---|---|---|---|---|---|---|---|---|---|---|---|---|---|
| Dewey Decimal Classification | Virtual | Virtual | Online | 04/12/2006 | ONLINE PUBLICATION | 135723-2001 | 06/08/2019 | 1 | 06/08/2019 | Law report |